【JetPunkで学ぶ】漢文の再読文字 - Statistics

General Stats
  • This quiz has been taken 197 times
  • The average score is 15 of 20
Answer Stats
漢字 直前 読み 送り仮名 % Correct
いま
100%
まさ
97%
よろ シク
92%
まさ
89%
まさ
87%
まさ
86%
83%
81%
すべか ラク
79%
(セ)
74%
(セント)
72%
(セント)
72%
(ス)
72%
(ス)
72%
(ス)
71%
(ス)
71%
(ノ・ガ) ごと
62%
(ノ・ガ) ごと
60%
なん
58%
50%
No matching quizzes found
Score Distribution
Percent of People with Each Score
Percentile by Number Answered
Your Score History
You have not taken this quiz